000 00695nam a2200217Ia 4500
003 GCL
008 140319s9999 xx 000 0 ara d
020 _a0122910977
040 _aGCL /
_cGCL
082 0 4 _a371.12
_bر م
100 1 _aرشدى احمد طعيمة
245 1 0 _aالمعلم :
_bكفاياته، اعداده، تدريبه /
_cرشدى احمد طعيمة
250 _aالاولى
260 _aالقاهرة :
_bدار الفكر العربى ،
_c1999
300 _a263 ص:
_bايض ؛
_c24 سم
650 0 4 _aالتعليم
650 0 4 _aالمعلم
650 0 4 _aالمدرسون - تدريب
650 0 4 _aالتعليم - طرق تدريس
942 _2ddc
_cBK
999 _c5925
_d5925